|
|
|
|
| LEADER |
00000cam a2200000 7i4500 |
| 001 |
0000003549 |
| 005 |
20220105103948.0 |
| 008 |
070719 |
| 020 |
|
|
|a 9833449000(set)
|
| 020 |
|
|
|a 9833449034
|
| 090 |
0 |
0 |
|a JP
|b CT MAL (4587)
|
| 245 |
1 |
0 |
|a Kuala kubu tengggelam
|c Diceritakan oleh Othaman Rasul
|
| 260 |
|
|
|a Kuala Lumpur :
|b Pustaka Buana ,
|c 2006
|
| 440 |
|
|
|a Siri klasik legenda Melayu
|
| 500 |
|
|
|a Children age 4-6 years old (yellow)
|
| 650 |
|
0 |
|a Folk literature, Malay
|
| 650 |
|
0 |
|a Folklore
|x Malay
|
| 999 |
|
|
|a 0000916869
|b Book
|c Children Collection
|e Cawangan Bukit Gambir
|
| 999 |
|
|
|a 0000916870
|b Book
|c Children Collection
|e Cawangan Bukit Gambir
|
| 999 |
|
|
|a 0000916871
|b Book
|c Children Collection
|e Cawangan Bukit Gambir
|
| 999 |
|
|
|a 0000927225
|b Book
|c Children Collection
|e Cawangan Tangkak
|
| 999 |
|
|
|a 0000927226
|b Book
|c Children Collection
|e Cawangan Tangkak
|
| 999 |
|
|
|a 0000927227
|b Book
|c Children Collection
|e Cawangan Tangkak
|
| 999 |
|
|
|a 0000971347
|b Book
|c Children Collection
|e Cawangan Segamat
|
| 999 |
|
|
|a 0000971348
|b Book
|c Children Collection
|e Cawangan Kota Tinggi
|
| 999 |
|
|
|a 0000971349
|b Book
|c Children Collection
|e Perbadanan Perpustakaan Awam Johor
|
| 999 |
|
|
|a 0000971350
|b Book
|c Children Collection
|e Cawangan Batu Pahat
|
| 999 |
|
|
|a 0000971351
|b Book
|c Children Collection
|e Perbadanan Perpustakaan Awam Johor
|